000 00470nam a22001937a 4500
003 MPLRDC
005 20220104143659.0
008 210129b ||||| |||| 00| 0 eng d
020 _a957-745-306-6
082 _a848.2 LHYb-7 v.5
100 _a林海音 著
245 _a绿藻与咸蛋
_c
250 _a初版
260 _a
_b游目族文化
_c2000
300 _b
490 _a林海音作品集; 5
650 _a现代别集
942 _cBK
_o848.2 LHYb-7 v.5
999 _c42287
_d42277